Indian economy : (Record no. 9808)

MARC details
000 -LEADER
fixed length control field 00515cam a2200193ua 4500
008 - FIXED-LENGTH DATA ELEMENTS--GENERAL INFORMATION
fixed length control field 190409n ii |||gr||||Z||||||eng
020 ## - INTERNATIONAL STANDARD BOOK NUMBER
International Standard Book Number 9789352731725
040 ## - CATALOGING SOURCE
Transcribing agency MAIN
082 ## - DEWEY DECIMAL CLASSIFICATION NUMBER
Classification number 330.954
245 ## - TITLE STATEMENT
Title Indian economy :
Remainder of title Its development experience /
Statement of responsibility, etc. By V K Puri and S K Misra .
250 ## - EDITION STATEMENT
Edition statement 35th rev.
260 ## - PUBLICATION, DISTRIBUTION, ETC.
Place of publication, distribution, etc. Mumbai:
Name of publisher, distributor, etc. Himalaya publishing house,
Date of publication, distribution, etc. 2017.
300 ## - PHYSICAL DESCRIPTION
Extent 776p.
700 ## - ADDED ENTRY--PERSONAL NAME
Personal name V K Puri,
Relator term
700 ## - ADDED ENTRY--PERSONAL NAME
Personal name S K Misra,
Relator term
942 ## - ADDED ENTRY ELEMENTS (KOHA)
Koha item type Books
653 ## - INDEX TERM--UNCONTROLLED
Uncontrolled term Economics
Holdings
Withdrawn status Lost status Damaged status Not for loan Home library Current library Shelving location Date acquired Total Checkouts Full call number Barcode Date last seen Date last checked out Copy number Price effective from Koha item type
        Central Library, Naharkatiya College Central Library, Naharkatiya College General Stacks 19/09/2020 5 330.954Indian economy | PUR 24964 18/04/2022 18/04/2022 1 19/09/2020 Books

Naharkatiya College © 2020. All rights reserved.

Powered By